000 01040nam a2200337 a 4500
003 AR-BaBNM
005 20251128210102.0
008 082120s2002 ||||||||||||||000 | spa||
020 _a987-99263-6-6
040 _cAR-BaBNM
245 0 0 _aArgentina y Estados Unidos
_bfundamentos de una nueva alianza
260 _aBuenos Aires
_bAsociación de bancos de la República Argentina
_c1997
300 _a325 p.
504 _aCada trabajo contiene bibliografía para consultar
650 4 _aRELACIONES INTERNACIONALES
650 4 _aPOLITICA INTERNACIONAL
650 4 _aTEORIA ECONOMICA
650 4 _aSISTEMAS ECONOMICOS
650 4 _aINTEGRACION REGIONAL
650 4 _aCOMERCIO INTERNACIONAL
650 4 _aPOLITICA DE DESARROLLO
650 4 _aDESARROLLO ECONOMICO Y SOCIAL
651 4 _aArgentina
651 4 _aAmérica Latina
653 _aGLOBALIZACION
653 _aECONOMIA POLITICA
700 1 _aDe la Balze, Felipe A.M.
_ecompilador
700 1 _aRoca, Eduardo A.
_ecompilador
942 _cBK
998 _cMariana
999 _c13972
_d13972